000 00845nam a22002057a 4500
001 BD-DhSAU 4021
003 BD-DhSAU
005 20150211110356.0
008 150204s2005 bg a||||r|||| 001 0 b d
020 _a984322762X
040 _aBD-DhSAU
082 _222
_a৩২৩.২৪
_bমুলতা
100 _aসুলতানা, শেখ মাহমুদা
245 _aঢাকাই চলচ্চিত্র :
_cশেখ মাহমুদা সুলতানা
_bনারী পর্দার ভিতরে ও বাইরে
260 _aঢাকা :
_bWomen in Security and International Affairs ,
_c২০০৫।
300 _a১০০ পৃ. :
_bচিত্র. ;
_c২১ সে মি।
440 _aWomen's security paper.
590 _aerfat
650 _aঢাকাই চলচ্চিত্র.
942 _2ddc
_cBOOK
999 _c4021
_d4021